| 000 | 00753nam a2200229 a 4500 | ||
|---|---|---|---|
| 001 | 1094 | ||
| 003 | BR-CuiBMT | ||
| 005 | 20231128182246.0 | ||
| 008 | 231128s2009 dtbaaaa 001 0 por d | ||
| 020 | _a9788587841346 | ||
| 040 |
_aBR-CuiBMT _cBR-CuiBMT |
||
| 080 |
_22007 _a336.27 |
||
| 090 |
_a336.27 _bD618 |
||
| 245 | 0 | 0 |
_aDívida pública : _ba experiência brasileira / _c[organizadores: Anderson Caputo Silva ... et al.]. |
| 260 |
_aBrasília : _bSecretaria do Tesouro Nacional, _bBanco Mundial, _c2009. |
||
| 300 |
_a502 p. : _bil. color. ; _c25 cm |
||
| 504 | _aInclui bibliografia e índice. | ||
| 650 |
_aDívida pública _zBrasil |
||
| 650 | _aPlanejamento estratégico | ||
| 700 | 1 |
_aSilva, Anderson Caputo _eorg. _eet al. |
|
| 942 |
_2udc _cLV |
||
| 999 |
_c1094 _d1094 |
||